Países andinos
Збережено в:
| Формат: | Текст |
|---|---|
| Опубліковано: |
México:
IFE. FCE
|
| Предмети: | |
| Теги: |
Додати тег
Немає тегів, Будьте першим, хто поставить тег для цього запису!
|
MARC
| LEADER | 00000 a a2200000 04500 | ||
|---|---|---|---|
| 001 | 30494 | ||
| 003 | |||
| 040 | |||
| 090 | |a 195211 | ||
| 245 | |a Países andinos | ||
| 260 | |a México: |b IFE. FCE | ||
| 300 | |a 676 p.; vol. 2 | ||
| 650 | |a PARTIDOS POLITICOS | ||
| 650 | |a HISTORIA POLITICA | ||
| 650 | |a COMPORTAMIENTO POLITICO | ||
| 650 | |a IDEOLOGIAS POLITICAS | ||
| 650 | |a ESTRUCTURA ORGANIZACIONAL | ||
| 650 | |a TERRORISMO | ||
| 650 | |a CORRUPCION | ||
| 650 | |a ELECCIONES | ||
| 999 | |c 10561 |d 10561 | ||
